000
00274nam a2200109Ia 4500
008
200302s9999 xx 000 0 und d
100
_a
M. Christine Boyer
245
_a
Le Corbusier Homme De Lettres
260
_b
Princeton Architectural Press
260
_c
2011
300
_a
780
999
_c
7279
_d
7279